000 00761nam a22002412 4500
999 _c17744
_d17744
001 0000007018
003 OSt
005 20190622120031.0
008 071107s xx 000 0 eng d
020 _a0199652709 :
040 _aKABU
_cKABU
050 _aPE1408
_b.S44 2013 c. 1
100 1 _aSeely, John.
245 1 4 _aThe Oxford guide to effective writing and speaking /
_cJohn Seely.
_bhow to communicate clearly
250 _a3rd ed.
260 _aOxford :
_bO. U. P.,
_c2013.
300 _a392 p.
650 0 _aEnglish language
_xWritten english
650 0 _aEnglish language
_xSpoken english
908 _a071107
942 _2lcc
_cBK
_hPE1408
_i.S44 2013 c. 1